OPAC Home

ජෝතිමය චාරිකා (Record no. 40508)

MARC details
000 -LEADER
fixed length control field 00576nam a2200193Ia 4500
008 - FIXED-LENGTH DATA ELEMENTS--GENERAL INFORMATION
fixed length control field 120918t2001 xxu||||| |||| 00| 0 eng d
041 ## - LANGUAGE CODE
Language code of text/sound track or separate title English
080 ## - UNIVERSAL DECIMAL CLASSIFICATION NUMBER
Universal Decimal Classification number 8-31 (eng)
Item number RIC
942 ## - ADDED ENTRY ELEMENTS (KOHA)
Koha item type Books
003 - CONTROL NUMBER IDENTIFIER
control field LK-CoDNM
040 ## - CATALOGING SOURCE
Original cataloging agency LK-CoDNM
Modifying agency LK-CoDNM
Description conventions LK-CoDNM
100 ## - MAIN ENTRY--PERSONAL NAME
Personal name Richelieu,Peter
700 ## - ADDED ENTRY--PERSONAL NAME
Personal name Jayathilaka,Mahinda
Relator term translater
245 ## - TITLE STATEMENT
Title ජෝතිමය චාරිකා
246 ## - VARYING FORM OF TITLE
Title proper/short title Jothimaya Charika
260 ## - PUBLICATION, DISTRIBUTION, ETC. (IMPRINT)
Place of publication, distribution, etc. Sarvodaya Wishwa Lekha Publishers
-- Ratmalana
Date of publication, distribution, etc. 2001
300 ## - PHYSICAL DESCRIPTION
Other physical details 212p, 21 cm
500 ## - GENERAL NOTE
General note Sinhalese Translation of P.Richelieu's of A Soul's Journey
Holdings
Withdrawn status Lost status Damaged status Not for loan Collection code Permanent Location Current Location Date acquired Full call number Barcode Koha item type
        Translation Library National Museum Colombo - Sri Lanka Library National Museum Colombo - Sri Lanka 2012-09-18 8-31 (eng) RIC 141092 Books
Copyright © 2023 Department of National Museum, Colombo 07, Sri Lanka Funded by UNESCO IFAP UNESCO